| 000 | 00584nam a2200181 a 4500 | ||
|---|---|---|---|
| 001 | 000036337 | ||
| 005 | 20251017104247.0 | ||
| 008 | 120113s1983 sp a 000 0 spa d | ||
| 040 |
_aDO-SdBNP _bspa _cBNPHU |
||
| 245 | 0 | 0 |
_aAnálisis transaccional : _bmodelo y aplicaciones / _cJ. M. Roman ...[et al.]. |
| 260 |
_aBarcelona : _bEdiciones CEAC, _c1983. |
||
| 300 |
_a448 p. : _bil. ; _c25 cm. |
||
| 490 | 0 | _aColección educación y enseñanza | |
| 650 | 2 | 0 |
_aAnálisis transaccional _93098 |
| 650 | 2 | 0 |
_aPsicología _9152 |
| 650 | 2 | 4 |
_aPsiquiatría _918234 |
| 700 | 1 |
_aRoman, J. M. _962505 |
|
| 999 |
_c35828 _d35828 |
||